| 000 | 01577cam a22004094i 4500 | ||
|---|---|---|---|
| 003 | PE-LiUPU | ||
| 005 | 20250731183354.0 | ||
| 008 | 160926s r 000 0 spa d | ||
| 020 | _a987584361X | ||
| 020 | _a9789875843615 | ||
| 035 | _a(Sirsi) a163744 | ||
| 040 |
_aPE-LiUPU _bspa _cPE-LiUPU _erda |
||
| 041 | 1 |
_heng _aspa |
|
| 049 | _aPRUA | ||
| 082 | 0 | 4 |
_a720 _bI5 _220 |
| 245 | 0 | 0 |
_aInfraestructuras programáticas / _cMarcelo Faides [editor]. |
| 250 | _aPrimera edición. | ||
| 264 |
_aBuenos Aires : _bNobuko, _c 2012. |
||
| 300 |
_a109 páginas : _bilustustraciones ; _c15 centímetros |
||
| 336 |
_atext _2rdacontent |
||
| 337 |
_aunmediated _2rdamedia |
||
| 338 |
_avolume _2rdacarrier |
||
| 505 | 0 | _aInfraestructuras programáticas -- Esquema 01 -- Geogrfía infraestrucutral -- Integrando la energía solar fotovoltaica. | |
| 526 | _aP158 | ||
| 526 | _aP146 | ||
| 526 | _aP17 | ||
| 526 | _aP12 | ||
| 526 | _aP06 | ||
| 541 | _g0020-0001185; | ||
| 700 | 1 |
_aFaiden, Marcelo, _eeditor. |
|
| 910 |
_ajck _bncf _cncf _d20160926 |
||
| 942 |
_2ddc _cBOOK |
||
| 949 |
_a720 I5 _wDEWEY _c1 _i74603 _lCATALOGING _mBUL _p19.97 _r0 _sY _tBOOK _u26/09/16 _xINGENIERIA _PP06 _0COMPRA _o.STAFF. Colección Ingenieria y Arquitectura |
||
| 994 |
_aC0 _bPEPRU |
||
| 596 | _a1 | ||
| 999 |
_a720 I5 _wDEWEY _c12606 _i74603 _d12606 _e2017-11-13 _f2021-11-9 _g7 _lCCODEBUL1 _mBUL _n3 _p19.97 _r0 _sY _tBOOK _u2016-9-26 _xINGENIERIA _PP06 _0COMPRA _o.STAFF. Colección Ingenieria y Arquitectura |
||
| 980 |
_81 _gALBERTO SANCHEZ Responsable de Automatización |
||